Análisis de la convención CITES a la luz del convenio sobre diversidad biológica (Registro nro. 15917)

Detalles MARC
000 -CABECERA
Campo de control 003210000a22001090004500
090 ## - CLASIFICACIÓN LOCAL
Colección AS
Consecutivo Seriadas
041 0# - IDIOMA
Código de idioma para texto/pista de sonido o título separado
100 1# - ASIENTO PRINCIPAL--NOMBRE PERSONAL
Nombre personal Hernández, Ana María
245 10 - MENCION DE TITULO
Título Análisis de la convención CITES a la luz del convenio sobre diversidad biológica
773 1# - Item fuente:
Título Biosintesis
Descripción física 3
Paginas del Articulo 1-4
Lugar, editorial y fecha de publicación 1998
942 ## - ELEMENTOS ADICIONALES (KOHA)
Tipo de ítem Artículo

No hay ítems disponibles.